00803nam a22002057a 4500003000900000008004100009040007100050082001900121100002000140245003100160260004300191300003600234440003000270505016300300650001500463650002600478650002400504650002000528700004900548AR-CdUCM190507b ||||| |||| 00| 0 spa d aMUNICIPALIDAD PROVINCIAL DEL CUSCOcBIBLIOTECA MUNICIPAL DEL CUSCO a677.41 / bA31 aAgulhon, Henri. aLos textiles químicos /  aBuenos Aires : , [1965]bEUDEBAc1965. a125 paginas ;bCuadros,c20 cm. aCuadernos de EUDEBA n120 aContenido : Reseña histórica de los textiles químicos -- Desarrollo y situación en la economía mundial -- Generalidades sobre las fibras textiles... aQuímica  aTextiles artificiales aHidratos de carbono aFibras textiles aMenascé de Fendrik, Lucía (Traducción)